The Legend of Zelda: Ocarina of Time Word Scramble - Statistics

General Stats
  • This quiz has been taken 40 times
  • The average score is 27 of 38
Answer Stats
Answer % Correct
NNGAO Ganon
100%
KNIL Link
100%
DIMO Mido
100%
IVNA Navi
100%
DLEZA Zelda
100%
NADOOFGNR Ganondorf
97%
UARUR Rauru
97%
TUOR Ruto
97%
KSIEH Shiek
97%
PAMI Impa
94%
GEM Meg
94%
RAISA Saria
94%
MAY Amy
91%
IDN Din
84%
GNIO Ingo
81%
NLMAO Malon
81%
EHTB Beth
78%
ANIDAUR Darunia
78%
OBANROU Nabooru
78%
NOTLA Talon
78%
RAYUN Nayru
75%
DOAF Fado
72%
AFERRO Farore
69%
TKDUG EEAT REER Great Deku Tree
66%
AJBB UJUA Jabu Jabu
66%
GAAKOOP BEEAARR Kaepora Gaebora
59%
MADEP Dampe
56%
LELEOJ Joelle
56%
MEKUO Koume
56%
PEAON Epona
53%
EATKOK Kotake
53%
DIKUL LSK Skull Kid
53%
GNIZ RAKO King Zora
47%
OKNEAT Keaton
31%
DARRHCI Richard
31%
AGRIF YEATR Great Fairy
25%
KDKL ARIN Dark Link
22%
MAESN PAYP KSLAAMH Happy Mask Salesman
22%
No matching quizzes found
Score Distribution
Percent of People with Each Score
Percentile by Number Answered
Your Score History
You have not taken this quiz